[Event "Dortmund 47th"]
[Site "Dortmund"]
[Date "2019.07.14"]
[Round "2"]
[White "Wojtaszek, Radoslaw"]
[Black "Fridman, Daniel"]
[Result "1-0"]
[WhiteElo "2737"]
[BlackElo "2638"]
[Annotator "Wojtaszek,R"]
[PlyCount "103"]
[EventDate "2019.07.13"]
[EventType "tourn"]
[EventRounds "7"]
[EventCountry "GER"]
[EventCategory "19"]
[SourceTitle "CBM 191"]
[Source "ChessBase"]
[SourceDate "2019.08.31"]
[SourceVersion "1"]
[SourceVersionDate "2019.08.31"]
[SourceQuality "1"]

1. c4 c6 {A little bit of a surprise since I rather expected some Carlsbad
structures. Nevertheless it wasn't a complete surprise as Daniel was playing
Slavs from time to time.} 2. Nf3 d5 3. e3 Nf6 4. Nc3 e6 5. d4 a6 {This setup
became popular after the Anand-Gelfand match in Moscow 2012. Recently it went
a bit out of fashion, even though White didn't show any clear way to obtain an
advantage.} 6. b3 Bb4 7. Bd2 Nbd7 8. Bd3 O-O 9. O-O Bd6 (9... Qe7 {is another
line which is supposed to be quite playable for Black.}) 10. Re1 $5 {Not a
main move but definitely an interesting one. The main point is to fight
against the ...e5 idea.} ({I have won 2 games before after} 10. Rc1 {, but now
it's well known that after} e5 $1 11. cxd5 cxd5 12. dxe5 Nxe5 13. Nxe5 Bxe5 14.
Ne2 Ne4 15. Bxe4 dxe4 16. Bc3 Bg4 $1 {Black has no problems.}) 10... h6 $1 (
10... b6 $6 {is too slow:} 11. Qc2 h6 12. Rad1 {[%cal Ge3e4]}) (10... e5 11.
cxd5 cxd5 12. e4 exd4 13. Nxd5 Nxd5 14. exd5 {and the rook on e1 is perfectly
placed in such an open position.}) 11. e4 dxc4 12. bxc4 e5 13. c5 Bc7 14. Qc2
exd4 15. Ne2 {My preparation ended around here. A very concrete position has
arisen. I liked my chances here as Black has tangible problems with his
queenside being stuck for the moment.} Re8 (15... Ng4 16. Nexd4 Nde5 17. h3
Nxd3 18. Qxd3 Ne5 19. Nxe5 Bxe5 20. Be3 Qf6 21. Rad1 {All this was played in
the game Bacrot-Rublevsky. Black has the bishops, but on the other hand White
has some ideas connected with f4.}) (15... Ne5 $6 16. Nxe5 Bxe5 17. f4 Bc7 18.
h3 $36) 16. Rad1 $1 (16. h3 {was played in Laznicka-Matlakov, but now Black
has the strong idea} b6 $1 17. cxb6 Bxb6 $13) (16. Rac1 b6 $1 17. cxb6 Bxb6 18.
Nf4 Nc5) 16... Qe7 17. Rc1 $1 {At first it looks like White has just lost a
tempo by playing Rd1-Rc1, but the point is that with queen on e7 the plan
connected with b6 simply doesn't work.} Rd8 $2 {This is simply too slow.} (
17... b6 $2 18. cxb6 Bxb6 19. Nf4 Nc5 20. Bb4 $1 {[%csl Ge7] explains the
difference.}) ({Better or worse, it was neccessary to play} 17... Ng4 $1 18.
Nexd4 Nge5 (18... Nde5 19. h3 $1 Nxd3 20. Qxd3 Ne5 21. Nxe5 Qxe5 22. f4 Qe7 23.
f5 $36) (18... Nxh2 $6 19. Nxh2 Bxh2+ 20. Kxh2 Qe5+ 21. f4 Qxd4 22. Be3 Qf6 23.
Qf2 $1 $16 {[%cal Ge3d4]}) 19. Bf1 Nxf3+ 20. Nxf3 Ne5 21. Nxe5 Bxe5 22. f4 Bd4+
23. Be3 Bxe3+ 24. Rxe3 Be6 {[%cal Ga8d8] and maybe Black's position is not so
bad.}) 18. Nexd4 (18. h3 $5 {was also possible, but since I saw that Nxd4 gave
me the better position I didn't want to bother with something else.} Ne5 19.
Nxe5 Qxe5 20. f4 Qe7 21. Ng3 $36) 18... Ne5 (18... Ng4 19. h3 Nge5 20. Bf1
Nxf3+ 21. Nxf3 Ne5 22. Nxe5 Bxe5 23. f4 Bd4+ 24. Be3 Bxe3+ 25. Rxe3 $14 Be6 26.
Rce1 {[%cal Gf4f5]}) 19. Nxe5 Qxe5 20. Nf3 {And only here my opponent realized
that ...Qh5 doesn't work.} Qe7 (20... Qh5 $6 21. e5 Nd5 (21... Bg4 22. exf6
Bxf3 23. Bh7+ $1 Kf8 24. fxg7+ Kxg7 25. gxf3 $18) 22. e6 $1 $18 Bxe6 23. Rxe6
fxe6 24. Bg6 Qg4 (24... Bxh2+ 25. Nxh2 Qh4 26. Nf3 Qf6 27. Re1 $18) 25. h3 $18
{and the Q is trapped!}) 21. e5 Nd5 22. Qc4 $1 $16 {[%cal Gc4e4] After this
move Black's position is critical.} Be6 $2 {This loses tactically.} (22... Re8
$1 {Not an obvious move to make, but Black simply needs to fight against Qe4.}
23. Qe4 f5 24. Qc4 $16) 23. Qe4 f5 24. exf6 Nxf6 25. Qg6 Qf7 26. Rxe6 $1 Qxe6 (
26... Rxd3 27. Rxf6 $1) 27. Bc4 $1 Rd5 28. Bxh6 $1 Qf7 29. Qxf7+ Kxf7 30. Be3
$18 {The rest is a matter of technique. White has an extra pawn and Black has
no chance to create any counterplay.} Rad8 31. Rb1 R8d7 32. Kf1 Bb8 33. Bd4 Ke8
34. Bxd5 Nxd5 35. g3 Ba7 36. Ne5 Re7 37. f4 Kd8 38. Kf2 Nf6 39. Kf3 Kc7 40. h4
Nd7 41. Nxd7 Rxd7 42. Be5+ Kc8 43. Bd6 Bb8 44. Bxb8 Kxb8 45. g4 Rd5 46. Rc1 g6
47. Rh1 Rxc5 48. h5 gxh5 49. gxh5 Rf5 50. h6 Rf8 51. h7 Rh8 52. Ke4 1-0

[Event "Candidates FIDE m4"]
[Site "Wijk aan Zee"]
[Date "1994.??.??"]
[Round "6"]
[White "Khalifman, Alexander"]
[Black "Salov, Valery"]
[Result "0-1"]
[WhiteElo "2660"]
[BlackElo "2685"]
[Annotator "Wolff,P"]
[PlyCount "84"]
[EventDate "1994.01.16"]
[EventType "match"]
[EventRounds "6"]
[EventCountry "NED"]
[SourceTitle "CBM 039"]
[Source "ChessBase"]
[SourceDate "1994.04.01"]
[SourceVersion "1"]
[SourceVersionDate "1994.04.01"]
[SourceQuality "1"]

1. d4 {Salov} Nf6 2. Nf3 e6 3. e3 b6 4. Bd3 Bb7 5. O-O d5 6. c4 dxc4 $3 {
Ivanchuk. (Of course!) I give this move two !! because the original opening
concept is so beautiful. The point is that Black is going to transpose into an
improved main line QGA.} 7. Bxc4 a6 8. Qe2 (8. Nc3 b5 9. Bd3 c5 10. a4 $6 (10.
dxc5 Bxc5 11. b3 Nbd7 12. Bb2 O-O 13. Qb1 $1 $10 {/\ Ne4. Ivanchuk,Levin})
10... b4 11. Ne2 Nbd7 $15 12. b3 (12. Ng3) 12... cxd4 13. Nfxd4 e5 $1 14. Nf5 (
14. Nc2 a5 15. Bb2 Bc5 $15) 14... g6 15. Nfg3 h5 $1 16. f3 Bc5 17. Kh1 Qe7 $17
{Yusupov,A-Ivanchuk,V Linares 1992}) 8... Nbd7 $5 (8... b5 9. Bb3 c5 {QGA}) 9.
Rd1 c5 10. a4 {Compare this position to a main line QGA: 1.d4 d5 2.c4 dxc4 3.
e3 c5 4.Nf3 Nf6 5.Bxc4 e6 6.O-O a6 7.a4. Usually in this position, Black plays
...Nc6, but here Black has gained ...b7-b6, so he can play ...Bb7 and} Bd6 $1
11. Nc3 O-O (11... Qc7 $5 $13 {Ivanchuk,Levin}) 12. b3 (12. d5 {Salov} exd5 13.
Nxd5 Nxd5 14. Bxd5 Bxd5 15. Rxd5 Nf6 16. Rd1 $10) 12... cxd4 $1 {The move
b2-b3 does not combine well with the isolated QP, so this is a good moment to
take on d4.} 13. exd4 Re8 $1 {><e6, /\...e6-e5, /\...Nd5 and ...exd5} 14. Ne5
Nd5 15. Bb2 Qc7 $15 (15... N7f6 $15 {Salov}) 16. Nxd7 (16. Ne4 Nf4 $1 17. Qg4 (
17. Qe3 Nxe5 18. Nxd6 Nf3+ $17) 17... Bxe4 18. Qxf4 Nf6 $15) (16. Re1 Bxe5 17.
dxe5 Nxc3 18. Bxc3 b5 19. axb5 axb5 20. Bxb5 Qxc3 21. Rxa8 Rxa8 22. Bxd7 Qxb3
$15) (16. Rac1 $2 {Salov} Nxe5 17. dxe5 Bxe5 18. Bxd5 exd5 19. Nxd5 Qxc1 20.
Bxc1 Bxh2+ $17) 16... Qxd7 17. Bxd5 Bxd5 18. Nxd5 exd5 19. Qd3 b5 $1 20. axb5
Qxb5 21. Qxb5 axb5 22. Rxa8 Rxa8 23. Ra1 Rxa1+ (23... Re8 $5 {Salov} 24. Kf1
Bb4 $15) 24. Bxa1 h5 $1 25. h3 $2 (25. Bc3 Kh7 26. g3 $1 Kg6 (26... f5 27. f4
h4 (27... Kg6 28. h4 $10) 28. Kf2 Kg6 29. Kf3 $10) 27. Kg2 Kf5 28. Kf3 g5 29.
h3 g4+ 30. hxg4+ hxg4+ 31. Ke3 Ke6 (31... Bf8 32. Kd3 Bh6 (32... b4 33. Bd2 $10
) 33. Bb4 $10) 32. f4 $5 $10 (32. Kd3 f5 33. Bd2 $5 (33. Be1 f4 34. Ke2 Kf5 35.
Kd3 Bc7 $19) 33... f4 $140 34. Bxf4 Bxf4 35. gxf4 b4 36. Ke2 Kf6 (36... Kf5 37.
Ke3 Kf6 38. f3 g3 39. Ke2 Kf5 40. Kf1 {transposes}) 37. f3 $2 (37. Kd3 $10)
37... g3 38. Kf1 Kf5 39. Kg1 Kxf4 40. Kg2 Ke3 41. Kxg3 Kxd4 42. f4 Ke4 43. Kg4
d4)) 25... Kh7 26. Kf1 Kg6 27. Ke2 b4 $1 28. g3 {Compared to the note to move
25, White has lost too much time. White wants to stop ...Kf5, ...h5-h4, which
is understandable, but he should have done so earlier.} Kf5 (28... h4 {Salov}
29. Kf3 hxg3 30. fxg3 Kf5 31. Bb2 Bxg3 $2 32. Kxg3 Ke4 33. Bc1 Kd3 34. Kf4 Kc2
35. Ke5 Kxc1 36. Kxd5 Kc2 37. Kc4 f5 38. d5 f4 39. Kd4 $18) 29. Bb2 g5 30. Bc1
{? Salov} (30. Kf3 g4+ 31. hxg4+ hxg4+ 32. Ke3 (32. Ke2 Ke4 $19) 32... Bf8 33.
Kd3 Bh6 34. Ba1 Bc1 $1 35. Kc2 Ba3 (35... Ke4 $2 36. Kxc1 Kf3 37. Bc3 $1) 36.
Kd3 Kg5 37. Ke3 f5 38. Kd3 (38. f4+ gxf3 39. Kxf3 Bc1 $19) 38... f4 39. Ke2 Kf5
40. Kd3 fxg3 41. fxg3 Bc1 42. Kc2 Be3 $19) (30. Kd3 $1 {Salov} g4 (30... h4 31.
g4+ Kf4 $4 32. Ke2 $1 $18) 31. h4 $10) 30... g4 31. hxg4+ Kxg4 $1 $19 32. Bd2
f5 33. Be1 Be7 34. Bd2 (34. f3+ {Salov} Kh3 35. Kf1 (35. Kf2 h4 $19) 35... Kh2
$19) 34... Bd6 35. Be1 f4 $1 36. f3+ (36. gxf4 Kxf4 37. f3 Be7 $19) 36... Kh3
37. gxf4 Kg2 $1 38. f5 Be7 39. f6 Bxf6 40. Bxb4 h4 41. Bd6 h3 42. b4 Be7 $1 (
42... Bh4 $2 43. b5 Bg3 44. Bxg3 Kxg3 45. b6 h2 46. b7 h1=Q 47. b8=Q+) 0-1

[Event "Moscow Aeroflot op-A"]
[Site "Moscow"]
[Date "2003.02.19"]
[Round "9"]
[White "Yakovich, Yuri"]
[Black "Poluljahov, Aleksandr"]
[Result "1-0"]
[WhiteElo "2579"]
[BlackElo "2527"]
[Annotator "Yakovich,Y"]
[PlyCount "91"]
[EventDate "2003.02.10"]
[EventType "swiss"]
[EventRounds "9"]
[EventCountry "RUS"]
[SourceTitle "CBM 094"]
[Source "ChessBase"]
[SourceDate "2003.05.26"]
[SourceVersion "1"]
[SourceVersionDate "2003.05.26"]
[SourceQuality "1"]

1. d4 d5 2. c4 c6 3. Nc3 Nf6 4. e3 e6 5. Nf3 a6 {The idea of this move is to
play 6...dc4 in response to 6. Bd3, and after 7.Bc4 b5 8.Bd3 c5 to receive
favourable edition of Queen's gambit accepted} 6. b3 (6. Bd3 $6 dxc4 7. Bxc4 b5
8. Bd3 c5 $10) 6... Bb4 7. Bd2 Bd6 8. Bd3 Nbd7 9. O-O (9. e4 dxc4 10. bxc4 e5
11. d5 cxd5 12. cxd5 Nc5 $13 {Dreev,A-Gurevich,M/Bastia 2002/CBM 92}) 9... e5
$6 $146 {Black want to receive a position with isolated pawn since in case} (
9... O-O 10. e4 dxc4 11. bxc4 e5 12. c5 $1 {White obtains strong initiative:}
Bc7 (12... Be7 13. Qc2 (13. Na4 Nxc5) 13... exd4 14. Na4 {()} Qc7 (14... Ng4
15. Bf4) 15. h3 $44) 13. Na4 exd4 14. h3 (14. Bg5 $5 Re8 15. Re1 Ne5 16. Nxe5
Rxe5 17. Bh4 {/\ Bg3~/=[+]} (17. f4 $2 Rxg5)) 14... Re8 (14... Qe7 15. Re1 $5
Nxc5 16. Bb4 Nfd7 17. Rc1 b6 18. e5 $16 {/\} Qd8 19. Nxd4 $1) 15. Re1 h6 (15...
Ne5 16. Nxe5 Bxe5 17. f4 $14) (15... Nf8 $5 16. Rb1 (16. e5 Nd5 17. Bg5 $14)
16... Ne6 17. Qc2 Nd7 18. e5 h6 {Bagirov,V-Godena,M/Cattolica 1994/Inf 61} 19.
Rb4 Qe7 20. Rc4 $14 {Bagirov}) 16. Rb1 Nh7 (16... Nf8 {>=}) 17. Bc4 Qf6 (17...
Ng5 $6 18. Nxg5 hxg5 19. Qh5 $1 $36) 18. Rb3 $1 Nhf8 (18... Ng5 $2 19. Nxg5 {
/\ Rf3}) (18... Ne5 19. Nxe5 Qxe5 20. f4 $14) 19. Bc1 Ng6 20. Nxd4 $36 {
Kasparov,G-Gelfand,B/Linares 1991/Inf 51/430 [Kasparov,G]}) 10. cxd5 cxd5 11.
e4 $1 {I think Black has underestimated consequences of this move} (11. dxe5 $2
Nxe5 $11) 11... dxe4 12. Nxe4 Nxe4 13. Bxe4 exd4 14. Bg5 $1 Nf6 $8 (14... f6 $2
15. Qxd4 $1 Bc5 16. Qd5 $1 fxg5 17. Rfe1 $1 Qf6 18. Bf5+ Be7 19. Rad1 Nf8 20.
Bxc8 Rxc8 21. Nxg5 $1 {/\Ne4+-}) 15. Qxd4 Be7 16. Qe3 (16. Qe5 $5 {[%cal Re5c7,
Re5e7] ><c7 also deserves serious attention. The best chance for Black is
transition to unpleasant ending after} Qd6 $1 {[]} (16... O-O $2 17. Rad1 Qe8
18. Rfe1 $1 h6 19. Bxf6 Bxf6 20. Bh7+ $18) 17. Qxd6 Bxd6 18. Bxf6 gxf6 19. Rfd1
Ba3 $1 $14 (19... Ke7 20. Re1 $1 $16)) 16... O-O 17. Rad1 {White has dangerous
initiative thanks to development advantage in open position.} Qc7 $8 (17... Qe8
$2 18. Rfe1 $18) (17... Qa5 $2 18. Bxh7+ Nxh7 19. Bxe7 Re8 20. Bb4 $16) 18. Rc1
$1 (18. Rfe1 Bc5 $1 (18... Nxe4 $2 19. Qxe4 $16) 19. Rc1 Bxe3 20. Rxc7 Bxg5 21.
Nxg5 h6 22. Nf3 Nxe4 23. Rxe4 Be6 $1 $11) 18... Qd6 (18... Qd7 19. Rfd1 $1 (19.
Rfe1 Nxe4 20. Qxe4 Ba3 (20... Bxg5 $2 21. Nxg5 Qf5 22. Rxc8 $18) 21. Rcd1 Qf5
22. Be7 $16) 19... Qe6 20. Rc7 Qxe4 (20... Bd8 21. Bxb7 Bxc7 22. Bxa8 $16) (
20... Rd8 21. Rxd8+ Bxd8 22. Bxb7 $16) 21. Rxe7 Qxe3 22. fxe3 $1 $16) (18...
Qd8 $2 19. Rfd1 Qe8 20. Rc7 (20. Re1 $5 $16) 20... Bd8 21. Bxf6 Bxf6 (21...
Bxc7 22. Qg5 $18) 22. Bxb7 $16) 19. Rfe1 $5 (19. Rfd1 $5) (19. Bf4 Qa3 20. Rc7
Bd8) 19... Bd8 (19... Nxe4 20. Qxe4 Bxg5 21. Nxg5 Qh6 (21... Qg6 22. Qxg6 hxg6
23. Rc7 $18) 22. Qd5 $5 (22. Rc5 $5) 22... Bg4 23. h3 Bh5 24. Ne4 b5 25. Nd6
Rad8 26. Rc6 $16) 20. Rcd1 Qb6 21. Qxb6 (21. Qf4 $5 Bc7 $1 22. Qh4 Nxe4 $14)
21... Bxb6 22. Bxf6 gxf6 23. Nh4 $1 {Black can not be protected from 16.Bf5
satisfactorily . After exchange light square bishops White advantage will be
beyond doubt. The precisely same ratio of a material and pawn structure have
met in the game Karpov-Kramnik, Wien 1996 (inf 67/516) excellent won by
twelfth champion of the world.} Bg4 $6 {Attempt to show activity accelerates a
defeat of Black.} 24. Rd3 $1 Rad8 (24... Ba5 25. b4 $1 Bxb4 26. Rb1 Bc5 27. Rg3
$18) 25. Rg3 h5 26. h3 Rd2 27. Rf1 Re8 (27... Bc7 28. f4 Rd4 29. Bxb7 Rxf4 30.
Rc1 $18) 28. Bxb7 $18 Re1 29. Rxe1 Bxf2+ 30. Kh2 Bxe1 31. hxg4 Bxg3+ 32. Kxg3
Rxa2 33. gxh5 a5 34. Kf4 Rb2 35. Bd5 a4 36. bxa4 Rb4+ 37. Be4 Rxa4 38. g4 Kg7
39. Nf5+ Kg8 40. Nd6 Rb4 41. Ne8 Rb5 42. Nxf6+ Kg7 43. g5 Ra5 44. Nd5 Ra1 45.
Ne3 Ra5 46. Bd5 1-0

[Event "Hoogovens op"]
[Site "Wijk aan Zee"]
[Date "1995.01.??"]
[Round "1"]
[White "Cifuentes Parada, Roberto"]
[Black "Zvjaginsev, Vadim"]
[Result "0-1"]
[WhiteElo "2535"]
[BlackElo "2585"]
[Annotator "Zvjaginsev,V"]
[PlyCount "70"]
[EventDate "1995.01.??"]
[EventType "swiss"]
[EventRounds "12"]
[EventCountry "NED"]
[SourceTitle "CBM 046"]
[Source "ChessBase"]
[SourceDate "1995.06.01"]
[SourceVersion "1"]
[SourceVersionDate "1995.06.01"]
[SourceQuality "1"]

1. d4 e6 2. Nf3 d5 3. c4 Nf6 4. Nc3 c6 5. e3 Nbd7 6. Qc2 b6 7. Be2 (7. Bd3 Bb7
8. O-O dxc4 $6 9. Bxc4 c5 10. Qe2 $16) 7... Bb7 8. O-O Be7 9. Rd1 (9. b3 O-O
10. Bb2 $14) 9... O-O 10. e4 dxe4 11. Nxe4 Qc7 12. Nc3 (12. Bg5 $10) (12. Nxf6+
$6 Nxf6 13. c5 bxc5 14. dxc5 a5 $15) 12... c5 13. d5 (13. Nb5 Qb8 14. g3 cxd4
$13) 13... exd5 14. cxd5 a6 15. Nh4 $1 g6 16. Bh6 Rfe8 17. Qd2 $6 (17. a4 $132)
17... Bd6 18. g3 b5 $1 $15 19. Bf3 (19. Nf5 b4) 19... b4 20. Ne2 Ne4 $6 (20...
Ne5) 21. Qc2 Ndf6 22. Ng2 $1 $10 Qd7 23. Ne3 (23. Bf4 Bf8 $10) 23... Rad8 24.
Bg2 $2 (24. Rac1 $1 $13) 24... Nxf2 $1 25. Kxf2 Rxe3 $1 26. Bxe3 (26. Kxe3 Ng4+
27. Kd2 Nxh6 $17) 26... Ng4+ 27. Kf3 Nxh2+ 28. Kf2 Ng4+ 29. Kf3 Qe6 $1 $19 30.
Bf4 (30. Qe4 Qxe4+ 31. Kxe4 Re8+) (30. Qd2 $2 Re8) (30. Bc1 Re8 31. Nf4 Bxf4
32. gxf4 Ne3 33. Kf2 Qe7 $1 34. Qe2 (34. Bxe3 Qxe3+ 35. Kf1 a5) 34... Nxd1+ 35.
Qxd1 Qh4+ 36. Kf3 Qh5+ $19) 30... Re8 (30... Bxf4 31. Qe4 $1) 31. Qc4 Qe3+ 32.
Bxe3 Rxe3+ 33. Kxg4 Bc8+ 34. Kg5 h6+ $1 35. Kxh6 Re5 0-1